Unitied states code service (Record no. 621706)

MARC details
000 -LEADER
fixed length control field 00416nam a22001577a 4500
008 - FIXED-LENGTH DATA ELEMENTS--GENERAL INFORMATION
fixed length control field 260501b |||||||| |||| 00| 0 eng d
020 ## - INTERNATIONAL STANDARD BOOK NUMBER
ISBN 9780327130451
Paper back/Hardbound hbk
082 ## - DEWEY DECIMAL CLASSIFICATION NUMBER
Classification number 348.7323 UNI. 11
245 ## - TITLE STATEMENT
Title Unitied states code service
260 ## - PUBLICATION, DISTRIBUTION, ETC. (IMPRINT)
Place of publication United states
Name of publisher Lexis nexis
Year of publication 2010
300 ## - PHYSICAL DESCRIPTION
Number of Pages 914
Dimensions 25 cm
504 ## - BIBLIOGRAPHY, ETC. NOTE
Bibliography, etc Includes index
650 ## - SUBJECT ADDED ENTRY--TOPICAL TERM
Topical Term Laws, regulations & cases
942 ## - ADDED ENTRY ELEMENTS (KOHA)
Koha item type English Books

No items available.

Find us on the map